000 00580cam a22002171 4500
001 sa 68020079
003 DLC
005 20260227112722.0
008 750106s1968 xx 000 0 ind
010 _asa 68020079
035 _a(OCoLC)1131704
040 _aDLC
_cOAU
_dDLC
042 _apremarc
050 0 0 _aHJ4764
_b.T33
100 1 _aTaroenoprawiro, S.
245 1 0 _aTabel tarip padjak pendapatan, 1968,
_coleh S. Taroenoprawiro.
260 _a[n.p.,
_c1968]
300 _a56 p.
_c35 cm.
500 _aCover title.
650 0 _aIncome tax
_zIndonesia
_xRates and tables.
999 _c89236
_d89236